000 00565nam a2200193Ia 4500
003 OSt
005 20250204122049.0
008 210210b1957 xxu||||| |||| 00| 0 eng d
040 _cAL
041 _aKannada
082 _aK894.3 BASN
100 _aBASAVARAJA KATTIMANI.
_dಬಸವರಾಜ ಕಟ್ಟೀಮನಿ.
_9197474
245 _aNi nanna mutta beda.
_bನೀ ನನ್ನ ಮುಟ್ಟಬೇಡ
260 _aBengaluru
_bSharada Prakatanalaya
_c1957
300 _aviii,192
690 _aKannada Fiction
_9197475
906 _a028822
942 _2ddc
_cBK
999 _c80058
_d80058